Zahraničný obchod Slovenskej republiky v roku 2000

Teritoriálne zameranie zahraničného obchodu Slovenskej republiky. Obchodná výmena s Českou republikou. Hlavné dovozné položky.

Na minha lista:
Detalhes bibliográficos
Autor principal: Burda, Štefan
Formato: Capítulo de Livro
Idioma:eslovaco
Assuntos:
Tags: Adicionar Tag
Sem tags, seja o primeiro a adicionar uma tag!

MARC

LEADER 00000naa a2200000 4500
001 r040598
005 20230720103445.9
041 0 |a slo 
044 |a SK 
245 1 0 |a Zahraničný obchod Slovenskej republiky v roku 2000  |c Štefan Burda 
520 |a Teritoriálne zameranie zahraničného obchodu Slovenskej republiky. Obchodná výmena s Českou republikou. Hlavné dovozné položky. 
610 2 0 |a obchod zahraničný 
610 2 0 |a Slovensko 
610 2 0 |a komodity 
610 2 0 |a Česko 
610 2 0 |a bilancia obchodná 
610 2 0 |a vývoz 
610 2 0 |a dovoz 
610 2 0 |a kooperácia 
100 1 |a Burda, Štefan